000 00436pab a2200169 454500
008 180718b2010 xxu||||| |||| 00| 0 eng d
100 _aPatel, Jayantibhai
245 _aGovernance of higher education institutions: Challenges ahead
260 _c2010
300 _ap.132-138.
362 _a8 Nov
650 _aEducational institutions
650 _aHigher education
773 _aUniversity News
908 _aN
909 _a89645
999 _c89645
_d89645